000 00492nam a22001817a 4500
003 NUST - PNEC
005 20170116180842.0
008 150819b xxu||||| |||| 00| 0 eng d
020 _a-
040 _cLIBRARY
082 _a785.8 LEO
100 _95385
_aLeonard,Jonathan Norton
245 _aPlanets (Life Science Library)
_cJonathan Norton Leonard
250 _a2nd ed.
260 _aHong-Kong:
_bTime Life Books
_cc1981.
650 _95386
_aPlanets, solar
_xGeneral
942 _2ddc
_cBK
999 _c64415
_d64415